A dying colonialism (Record no. 58113)
[ view plain ]
| 000 -LEADER | |
|---|---|
| fixed length control field | 00555nam a2200229Ia 4500 |
| 003 - CONTROL NUMBER IDENTIFIER | |
| control field | 0100 |
| 005 - DATE AND TIME OF LATEST TRANSACTION | |
| control field | 20170531092608.0 |
| 008 - FIXED-LENGTH DATA ELEMENTS--GENERAL INFORMATION | |
| fixed length control field | 130303s9999 xx 000 0 und d |
| 020 ## - INTERNATIONAL STANDARD BOOK NUMBER | |
| International Standard Book Number | 0802150276 |
| 040 ## - CATALOGING SOURCE | |
| Transcribing agency | ARRUPELIB |
| 050 ## - LIBRARY OF CONGRESS CALL NUMBER | |
| Classification number | DT282.F313 |
| 300 ## - PHYSICAL DESCRIPTION | |
| Other physical details | 21cm |
| 100 ## - MAIN ENTRY--PERSONAL NAME | |
| Personal name | Fanon, Frantz |
| 9 (RLIN) | 31733 |
| 245 #2 - TITLE STATEMENT | |
| Title | A dying colonialism |
| 260 ## - PUBLICATION, DISTRIBUTION, ETC. (IMPRINT) | |
| Name of publisher, distributor, etc | Grove Press |
| Place of publication, distribution, etc | New York |
| Date of publication, distribution, etc | 1965 |
| 300 ## - PHYSICAL DESCRIPTION | |
| Extent | 181p. |
| 650 ## - SUBJECT ADDED ENTRY--TOPICAL TERM | |
| Topical term following geographic name as entry element | Algeria |
| General subdivision | Social conditions |
| 9 (RLIN) | 31734 |
| 700 ## - ADDED ENTRY--PERSONAL NAME | |
| Personal name | Chevalier, Haakon and Gilly, Adolfo |
| 9 (RLIN) | 31735 |
| 942 ## - ADDED ENTRY ELEMENTS (KOHA) | |
| Source of classification or shelving scheme | Library of Congress Classification |
| Koha issues (borrowed), all copies | 1 |
| Koha item type | Monograph ( Printed materials) |
| Withdrawn status | Lost status | Source of classification or shelving scheme | Damaged status | Not for loan | Collection code | Home library | Current library | Shelving location | Date acquired | Total Checkouts | Full call number | Barcode | Date last seen | Date checked out | Copy number | Price effective from | Koha item type |
|---|---|---|---|---|---|---|---|---|---|---|---|---|---|---|---|---|---|
| Library of Congress Classification | Main Collection | ARRUPE LIBRARY | ARRUPE LIBRARY | 05/03/2013 | 2 | DT282.F313 | 46003075887 | 20/11/2018 | 15/10/2018 | 1 | 05/03/2013 | Monograph ( Printed materials) | |||||
| Library of Congress Classification | Main Collection | ARRUPE LIBRARY | ARRUPE LIBRARY | 05/03/2013 | 4 | DT282.F313 | 46003075885 | 15/01/2020 | 04/12/2019 | 2 | 05/03/2013 | Monograph ( Printed materials) |